Smernica o transferovom oceňovaní pre nadnárodné spoločnosti a správu daní

Vláda SR na svojom zasadnutí dňa 10. júna 1997 súhlasila s prijatím Odporúčania Rady OECD pre vymedzenie ocenenia transferu medzi prepojenými spoločnosťami z 13. júla 1995. Opatrenie č. 1/6-651/1997, ktorým sa publikuje Smernica o transferovom oceňovaní pre nadnárodné spoločnosti a správu daní ako m...

ver descrição completa

Na minha lista:
Detalhes bibliográficos
Formato: Capítulo de Livro
Idioma:eslovaco
Assuntos:
Tags: Adicionar Tag
Sem tags, seja o primeiro a adicionar uma tag!

MARC

LEADER 00000naa a2200000 4500
001 r033730
005 20230926073052.9
041 0 |a slo 
044 |a SK 
245 1 0 |a Smernica o transferovom oceňovaní pre nadnárodné spoločnosti a správu daní 
520 |a Vláda SR na svojom zasadnutí dňa 10. júna 1997 súhlasila s prijatím Odporúčania Rady OECD pre vymedzenie ocenenia transferu medzi prepojenými spoločnosťami z 13. júla 1995. Opatrenie č. 1/6-651/1997, ktorým sa publikuje Smernica o transferovom oceňovaní pre nadnárodné spoločnosti a správu daní ako metodická pomôcka pre správu daní, daňovníkov a platiteľov v Slovenskej republike. 
610 2 0 |a oceňovanie transferové 
610 2 0 |a spoločnosti nadnárodné 
610 2 0 |a smernice 
610 2 0 |a OECD 
610 2 0 |a 1996 
610 2 0 |a opatrenia 
610 2 0 |a MF SR Bratislava 
610 2 0 |a metodika 
610 2 0 |a 1997